• 首页
  • 本馆介绍
  • 公告通知
  • 最新文献
  • 馆藏检索
  • 电子资源
  • 读者导购
  • 参考咨询
  • 我的图书馆
  • 登录
  • 详细信息显示
  • 放入我的书架
  • 预约/预借图书
  • 作者相关作品
  • 分类相关作品
  • 丛书相关作品
  • 出版社相关作品

书目信息

  • 表格格式
  • 工作单格式
  • 卡片格式
题名:
发射控制技术
    
 
作者: 王生捷 , 李建冬 , 李梅 编著
分册:  
出版信息: 北京   北京理工大学出版社  2015
页数: 10, 474页
开本: 27cm
丛书名: 航天发射科学与技术
单 册:
中图分类: V553.1 , V553
科图分类:
主题词: 航天器发射--hang tian qi fa she--发射控制系统
电子资源:
ISBN: 978-7-5682-0740-9
000 01298nam 2200313 450
001 2346377390
005 20231205125312.54
010    @a978-7-5682-0740-9@b精装@dCNY118.00
100    @a20151211d2015 em y0chiy50 ea
101 0  @achi
102    @aCN@b110000
105    @aak a 001yy
200 1  @a发射控制技术@Afa she kong zhi ji shu@d= Launch control technology@f王生捷, 李建冬, 李梅编著@zeng
210    @a北京@c北京理工大学出版社@d2015
215    @a10, 474页@c图@d27cm
225 2  @a航天发射科学与技术@Ahang tian fa she ke xue yu ji shu
300    @a国家出版基金项目 工业和信息化部“十二五”规划专著
320    @a有书目 (第445-446页) 和索引
330    @a本书以火箭导弹武器系统为研究对象, 从理论上阐述了与火箭导弹发射过程密切相关的发射装置控制系统和导弹发射控制系统的一般性原理和设计思想, 并结合工程研究实际, 介绍了发射控制系统的设计方法和试验方法。主要内容包括发射装置控制技术、导弹发射控制技术和系统试验。
410  0 @12001 @a航天发射科学与技术
510 1  @aLaunch control technology@zeng
606 0  @a航天器发射@Ahang tian qi fa she@x发射控制系统
690    @aV553.1@v5
690    @aV553@v4
701  0 @a王生捷@Awang sheng jie@4编著
701  0 @a李建冬@Ali jian dong@4编著
701  0 @a李梅@Ali mei@4编著
801  0 @aCN@b湖北三新@c20151211
905    @aZUCC@dV553@e2
    
    发射控制技术= Launch control technology/王生捷, 李建冬, 李梅编著.-北京:北京理工大学出版社,2015
    10, 474页:图;27cm.-(航天发射科学与技术)
    国家出版基金项目 工业和信息化部“十二五”规划专著
    
    ISBN 978-7-5682-0740-9(精装):CNY118.00
    本书以火箭导弹武器系统为研究对象, 从理论上阐述了与火箭导弹发射过程密切相关的发射装置控制系统和导弹发射控制系统的一般性原理和设计思想, 并结合工程研究实际, 介绍了发射控制系统的设计方法和试验方法。主要内容包括发射装置控制技术、导弹发射控制技术和系统试验。
●
相关链接 在五车中查询图书 在当当中查询图书 在豆瓣中查询图书


正题名:发射控制技术     索取号:V553/2         预约/预借

序号 登录号 条形码 馆藏地/架位号 状态 备注
1 2001368686   2001368686   三新/湖北三新(第三批)/2140/ [索取号:V553/2] 在馆    
2 2001368687   2001368687   三新/湖北三新(第三批)/2140/ [索取号:V553/2] 在馆    
3 2001368688   2001368688   三新/湖北三新(第三批)/2140/ [索取号:V553/2] 在馆    
4 2001368689   2001368689   三新/湖北三新(第三批)/2140/ [索取号:V553/2] 在馆    
5 2001368690   2001368690   三新/湖北三新(第三批)/2140/ [索取号:V553/2] 在馆    
6 2001368691   2001368691   三新/湖北三新(第三批)/2140/ [索取号:V553/2] 在馆    
7 2001368692   2001368692   三新/湖北三新(第三批)/2141/ [索取号:V553/2] 在馆    
8 2001368693   2001368693   三新/湖北三新(第三批)/2141/ [索取号:V553/2] 在馆    
9 2001368694   2001368694   三新/湖北三新(第三批)/2141/ [索取号:V553/2] 在馆    
10 2001368695   2001368695   三新/湖北三新(第三批)/2141/ [索取号:V553/2] 在馆    
11 2001368696   2001368696   三新/湖北三新(第三批)/2141/ [索取号:V553/2] 在馆    
12 2001368697   2001368697   三新/湖北三新(第三批)/2141/ [索取号:V553/2] 在馆    
13 2001368698   2001368698   三新/湖北三新(第三批)/2141/ [索取号:V553/2] 在馆    
14 2001368699   2001368699   三新/湖北三新(第三批)/2141/ [索取号:V553/2] 在馆    
山东省滨州职业学院图书馆 欢迎您!
大连网信软件有限公司© 版权所有